[Event "Goldmoney Asian Rapid | Knockout"]
[Site "Online"]
[Date "2021.07.03"]
[Round "1.3"]
[White "Aronian, Levon"]
[Black "Artemiev, Vladislav"]
[Result "1-0"]
[WhiteElo "2781"]
[BlackElo "2704"]
[EventDate "2021.??.??"]
[Annotator "Bojkov,Dejan"]
[PlyCount "49"]
[Beauty "8247008304138"]
[EventType "rapid"]
[WhiteTeam "Armenia"]
[BlackTeam "Russia"]
[WhiteTeamCountry "ARM"]
[BlackTeamCountry "RUS"]

1.d4 d5 2.Nf3 Bf5 3.c4 e6 4.Nc3 Nf6 5.Nh4 ( {White can also choose to play another pawn structure with} 5.cxd5 exd5 6.Bg5 c6 7.Qb3 Qb6 8.Bxf6 gxf6 9.e3 {The question is if he can use the weakness of the doubled pawns or not? In this game he was not very effective:} 9...Nd7 10.Be2 Qxb3 11.axb3 a6 12.Nh4 Be6 13.Bd3 Nb6 14.Nf5 Nc8 15.Ne2 Bb4+ 16.Kd1 Ne7 {and Black was OK in Fressinet,L (2638)-Svidler,P (2714) Online 2021} ) 5...Bg6 6.Qb3 Nc6 {A very fresh position arose where Aronian tries to calm down the aggressive black pieces.} 7.cxd5 ( {Bad is} 7.Qxb7 $2 Nxd4 8.Nxg6 hxg6 9.Rb1 Bb4 $1 ( 9...Bc5 ) ) 7...exd5 ( 7...Nxd4 $2 8.Qa4+ ) ( 7...Nb4 $2 8.Nxg6 ) 8.e3 Bb4 ( {Simpler seemed} 8...a6 $5 {which secures the queenside followed by the development of the dark-squared bishop on d6 or e7.} ) 9.Nxg6 hxg6 10.Bd2 $146 ( {White quickly won material after} 10.Bb5 Qd6 11.h3 Bxc3+ 12.bxc3 Ne4 13.Ba3 Qf6 14.Qc2 a6 15.Bd3 Qf5 16.f3 {in Balogh,L (2061)-Kulcsar,M (1647) Eger 2008} ) 10...O-O 11.Bd3 Re8 12.O-O {Aronian completed his development and it is Artemiev's turn to make an important decision.} 12...Bxc3 {The Russian GM decided to play in the spirit of the Chebanenko line, for a knight blockade.} ( {Once again} 12...a6 {deserved serious attention, when} 13.a3 Bf8 14.Qxb7 $4 {is obviously impossible due to} 14...Na5 ) 13.Bxc3 Rb8 14.Rae1 {White's play is obvious and easy. He prepares the opening of the game and the e3-e4 break.} 14...g5 {Artemiev tries to challenge the pawns before they become too dangerous.} ( {However, the opposite-flank challenge would have been better. True, one needs to be a computer to find this amazing resource after} 14...Ne4 15.f3 Nxc3 16.bxc3 Na5 17.Qb4 c5 $3 {The point! Then} 18.Qxc5 ( 18.dxc5 Qc7 {is OK for Black.} ) 18...Rc8 19.Qb4 Qc7 20.Bb5 Re6 21.e4 dxe4 22.fxe4 a6 23.Ba4 b5 24.Bd1 Qxc3 {slowly equalizes for Black.} ) 15.f3 Qd6 16.a3 ( {There were other ways to prepare the central break, like} 16.Qd1 $5 ) ( {Or} 16.Bb1 Re6 17.Qc2 Rbe8 18.Qf2 ) 16...g4 $1 {This move is essential part of Black's plan.} 17.Qd1 gxf3 ( {After} 17...g3 18.hxg3 Qxg3 19.Qd2 {followed by Qd2-f2 White slowly lifts the blockade.} ( {He obviously should not rush though:} 19.e4 $2 dxe4 20.fxe4 Ng4 ) ) 18.Rxf3 {Artemiev managed to remove White's important f3 pawn and thus softened the e4 square. This spot can be an ideal place for both the black knights, and the rooks can benefit too. As usual, though, everything comes at a price and Black now needs to watch out for the direct White attack along the f-file and on the kingside.} ( {After} 18.gxf3 {Black would look for a blockade with} 18...Nh5 19.e4 Nf4 ( {Or} 19...Qh6 ) ) 18...Re6 19.Bf5 Re7 {A pity.} ( {A Petrosian-style exchange sacrifice would have been much more interesting and would have provided Black chances:} 19...Ne4 $3 20.Bxe6 Qxe6 21.Ref1 f6 {and as long as the white bishop is ineffective Black should do perfectly fine.} ) 20.Ref1 Rbe8 ( {Here} 20...Ne4 {comes a tad too late and White builds big attack with} 21.Bxe4 dxe4 22.Rg3 f6 23.Qh5 ) 21.Qe1 Ne4 ( {Perhaps this was the last moment to try the exchange sacrifice} 21...Re4 22.Bxe4 Rxe4 {Although after} 23.Qf2 {White is ready to sacrifice back, as in the line} 23...Ne7 24.Bb4 Qd7 25.Rxf6 gxf6 26.Qxf6 {and White is winning.} ) 22.Qh4 {Aronian's attack is crushing.} 22...g6 23.Rh3 Qf6 ( {Or} 23...Kg7 24.Qh6+ Kf6 25.Bxg6+ ) 24.Qh7+ Kf8 25.Bxe4 1-0

[Event "E World Cup"]
[Site "Sochi"]
[Date "2021.07.15"]
[Round "?"]
[White "Adhiban, Baskaran"]
[Black "Delgado Ramirez, Neuris"]
[Result "1-0"]
[WhiteElo "2660"]
[BlackElo "2622"]
[EventDate "2021.??.??"]
[Annotator "Bojkov,Dejan"]
[PlyCount "43"]
[Beauty "8247951815704"]
[EventType "game"]
[EventCountry "RUS"]

1.d4 Nf6 2.c4 e6 3.Nc3 Bb4 4.f3 d5 5.a3 Bxc3+ 6.bxc3 c6 7.e4 {After some thought, Adhiban chooses the sharpest continuation.} ( {Firouzja tried to bring his dark-squared bishop instead into game with} 7.a4 {However, Carlsen equalized easily with} 7...Qa5 8.Qd2 O-O 9.e3 Re8 10.Bd3 dxc4 11.Bxc4 b6 12.Bd3 Ba6 13.c4 {and even took over the initiative with} 13...c5 $1 {Firouzja,A (2728)-Carlsen,M (2863) Online 2020} ) 7...dxe4 8.fxe4 e5 {The safest reply. If Black manages to stabilize the position, he would enjoy the better game as all the white pawns would be horrible.} ( 8...Nxe4 {is risky as proved from this game} 9.Qg4 Nf6 10.Qxg7 Rg8 11.Qh6 Qa5 12.Ne2 Nbd7 13.g3 {Curi,G (2231)-Ibanez,J (2157) Montevideo 2017} ) 9.Nf3 Qa5 10.Bd2 {Adhiban argues that his pawns are bad. He simply sacrifices them.} 10...Nxe4 11.Bd3 Nxd2 12.Qxd2 exd4 13.O-O $1 {Offering a third pawn!} 13...O-O $146 {That is a novelty. It seems as the king will be safer on the kingside, but it turns out that Delgado castles into an attack.} ( {Black solved all his problems with} 13...Be6 14.Rab1 dxc3 15.Qf4 Nd7 16.Qh4 h6 17.Rxb7 O-O 18.Qe4 Nf6 19.Qxc6 Rfd8 {and even won later in Kuybokarov,T (2472)-Macieja,B (2550) Chess.com 2018. It would be interesting to see what the Indian GM had prepared in that case.} ) ( {The second pawn is not really tasty:} 13...Qxc3 14.Qe2+ Be6 15.Ng5 {leaves the black king desperately weak.} ) 14.Ng5 $1 {Dark clouds gather around the black king.} 14...f5 {There is no other way to stop the obvious capture on h7.} ( {Since after} 14...h6 $2 {The knight can offer itself for the other pawn:} 15.Nxf7 $1 Rxf7 {Then the attack through the center decides after} 16.Rxf7 ( {Actually White's position is so strong that he may choose to bring on the reserves in another way:} 16.Qe2 $1 Qd8 17.Rxf7 Kxf7 18.Rf1+ Kg8 19.Qe4 {transposing into the winning line below.} ) 16...Kxf7 17.Rf1+ Ke7 {Here the neat solution is} ( {Black can prevent the mate on the back rank} 17...Kg8 18.Qe2 $1 Qd8 {But not along the b1-h7 diagonal:} 19.Qe4 ) 18.Qe1+ $3 {Now} ( {As otherwise the black king escapes via the d6-square:} 18.Qe2+ Kd6 19.cxd4 Kc7 20.Rf7+ Nd7 21.c5 Kb8 {and it is not clear anymore.} ) 18...Kd6 {does not work due to} ( 18...Be6 19.Bf5 ) 19.Qg3+ $1 {This check is the difference from above.} 19...Qe5 ( {Or otherwise mate:} 19...Ke7 20.Qxg7+ ) 20.c5+ Kd5 {and White would win the queen with} 21.Bc4+ $1 ( {Or} 21.c4+ $1 ) ) ( {Neither does} 14...g6 {slow down the attack} 15.Nxf7 $1 {would once more decisively open the road for the white pieces.} ( {Here too, White has an alternative winning line:} 15.Rae1 Nd7 16.Qf4 Qxc3 17.Qh4 h5 18.Nxf7 $1 {With a mating attack} 18...Rxf7 19.Re8+ Nf8 ( {Or} 19...Rf8 20.Qe7 $1 ) ( {And} 19...Kg7 20.Rxf7+ Kxf7 21.Qe7# ) 20.Rxf7 {and mate is near.} ) 15...Rxf7 16.Rxf7 Kxf7 17.Rf1+ Ke7 ( 17...Bf5 18.Bxf5 gxf5 19.Qg5 {does not help Black at all.} ) 18.Qe2+ Kd6 ( {Nothing helps} 18...Be6 19.Re1 ) 19.Rf7 Be6 20.Rf6 Kc7 21.Qxe6 {and the attack is decisive.} ) ( 14...Qxc3 15.Qe2 {leaves Black no defenders on the kingside at all and is equally hopeless.} ) 15.c5 $3 {This might be what Delgado missed. An important diagonal is opened, and the white pieces crash through. Notice the idle black pieces on the queenside. Only the queen is quick enough to come to the rescue, but that is not enough.} ( {Instead} 15.Qe2 {would have given Black more defensive resources with} 15...Qd8 {Seemingly best, when} ( {Another move that deserves attention is} 15...dxc3 ) ( {And Black might be able to defend with} 15...Qc5 {Although there he still needs to survive nasty pressure after both} 16.g4 $5 ( {And} 16.Kh1 ) ) 16.Ne6 Bxe6 17.Qxe6+ Kh8 18.Bxf5 Rf6 {is already solid enough for Black.} ) 15...Kh8 {Now all Adhiban needs is to bring the queen in.} ( {Mainly because of the threats along the diagonal:} 15...Qxc5 16.Qa2+ Kh8 17.Nf7+ Rxf7 ( 17...Kg8 18.Nh6+ Kh8 19.Qg8+ Rxg8 20.Nf7# ) 18.Qxf7 dxc3+ 19.Kh1 Qd5 {Black saves the mate and has lots of pawns for the exchange, but his pieces are still idle and wouldn't have the time to come back into the game} 20.Qc7 Qg8 21.Rae1 Nd7 22.Bc4 $1 Qf8 23.Rxf5 Qxf5 24.Qd8+ Nf8 25.Rf1 {and wins.} ) ( 15...dxc3 {loses in a similar fashion} 16.Qa2+ Kh8 17.Nf7+ Rxf7 18.Qxf7 Qxc5+ 19.Kh1 Qd5 20.Qc7 ) ( {Whereas} 15...Qxc3 16.Qa2+ {is even an easier win for White.} ) 16.Qe2 $1 {And this incursion is decisive. The threats are 17.Qe2-h5 and 17.Ng5xh7, and they cannot be stopped.} ( {There is an alternative win here too:} 16.Qa2 Qc7 17.Rae1 h6 {And now comes the pretty} 18.Bxf5 $3 Bxf5 ( {Black is completely paralyzed after} 18...hxg5 19.Bg6 Rxf1+ ( 19...Rd8 20.Qe2 ) 20.Rxf1 Nd7 21.Qf7 {and mate is inevitable.} ) 19.Rxf5 {Here the only way to prevent mate is} 19...Na6 ( {Let's not forget about the back rank:} 19...Rxf5 20.Re8+ Rf8 21.Rxf8# ) 20.Nf7+ Kh7 21.cxd4 {but that leaves Black desperately lost.} ) 16...Nd7 {This attempt to bring the knight in loses quickly, but Black's position is beyond salvation anyway.} ( {I forgot to mention that the queen is threatening something else too:} 16...h6 17.Qe7 $1 {Traps the rook as} 17...Rg8 18.Nf7+ Kh7 {leads to yet another mate with} 19.Rxf5 $1 Bxf5 20.Bxf5+ g6 21.Ng5+ Kh8 22.Qh7# ) ( {The capture} 16...Qxc5 {seems like a chance, especially when one sees the line} 17.Nxh7 $2 ( {However,} 17.Qh5 $1 {is stronger and proves decisive.} 17...dxc3+ 18.Kh1 h6 19.Nf7+ Rxf7 ( {Or mate after} 19...Kg8 20.Nxh6+ $1 gxh6 21.Qg6+ Kh8 22.Qxh6+ Kg8 23.Qg6+ Kh8 24.Rf3 ) ( {Or another mate after} 19...Kh7 20.Rxf5 $1 Bxf5 21.Bxf5+ Kg8 22.Nxh6+ gxh6 23.Qg6+ Kh8 24.Qh7# ) 20.Qxf7 Qd5 {Here the simplest win is} 21.Qg6 $1 Bd7 22.Bxf5 Bxf5 23.Rxf5 Qg8 24.Rf7 {paralyzing Black for good.} ) 17...dxc3+ 18.Kh1 Kxh7 19.Qh5+ ( 19.Rf3 g6 ) 19...Kg8 {and Black repels the attack.} ) 17.Nxh7 ( {Not} 17.Qh5 $2 Nf6 ) 17...dxc3 ( {The capture is impossible:} 17...Kxh7 18.Qh5+ Kg8 19.Bc4+ Rf7 20.Qxf7+ Kh7 21.Qh5# ) ( {And the counter-sacrifice does not help either:} 17...g6 18.Nxf8 Nxf8 19.Qe5+ Kg8 20.Bc4+ ) 18.Qh5 Qxc5+ ( {Nothing helps} 18...g6 19.Qh6 ) 19.Kh1 Kg8 20.Bxf5 Qd5 ( {Or} 20...Rxf5 21.Rxf5 Qe7 22.Raf1 c2 23.Qg6 {and Black can only resign.} ) 21.Ng5 Nf6 {Finally the knight comes to the rescue...} ( {White wins everything in the line} 21...Rxf5 22.Qh7+ Kf8 23.Rxf5+ ) 22.Qh7+ $3 {But is nicely removed from its king!} ( 22.Qh7+ $3 Nxh7 23.Bxh7+ Kh8 24.Rxf8+ Qg8 25.Rxg8# ) 1-0

[Event "E World Cup 2021"]
[Site "Sochi"]
[Date "2021.07.16"]
[Round "?"]
[White "Zherebukh, Yaroslav"]
[Black "Shirov, Alexei"]
[Result "1-0"]
[WhiteElo "2620"]
[BlackElo "2662"]
[EventDate "2021.??.??"]
[Annotator "Bojkov,Dejan"]
[PlyCount "71"]
[Beauty "7975930435146"]
[EventType "team-tourn"]
[EventCountry "RUS"]

1.b3 {Zherebukh needs to win on demand, and he summons all his creativity right from the start.} 1...d5 2.Bb2 Bg4 3.f3 Bh5 4.h4 f5 $146 {After this, we are out of book as early as on move four! One could hardly believed that this can still happen at the prestigious World Cup!} ( {In an earlier game this year, the world title contender faced} 4...f6 5.d4 e6 6.e3 Bd6 7.Ne2 Ne7 8.Nbc3 c6 9.Qd2 Nd7 10.O-O-O Qc7 11.g4 Bf7 12.h5 {and White won a lot of space on the kingside, although Black managed to defend later in Nepomniachtchi,I (2789)-Grandelius,N (2670) Online 2021} ) 5.Nh3 {A nice maneuver. The knight is heading towards the e5-square like in the Stonewall.} ( {There is an argument for a gambit too:} 5.e4 $5 dxe4 6.g4 Bf7 7.Nc3 {with rich play for the pawn.} ) 5...Nf6 ( {Shirov could have also tried to carry out the e7-e5 advance with} 5...Nc6 {but White would definitely stop this with} 6.Nf4 Bf7 7.d4 ) 6.Nf4 Qd6 {Eyeballing the white king!} ( {Another way to exploit this idea is the line} 6...d4 $5 {when} 7.Ne6 $4 {would be lethal after} ( {Therefore, White would need to undermine the enemy center at once instead with} 7.e3 $1 e5 8.Nxh5 Nxh5 9.f4 $1 {which would be very unclear after} 9...Ng3 10.Rh3 Nxf1 11.Kxf1 ) 7...Qd6 8.Nxd4 Qg3# ) 7.e3 Bf7 ( {Here} 7...e5 {is less appealing for Black as the light squares would become severely weakened:} 8.Nxh5 Nxh5 9.f4 Qg6 {And} 10.Be2 $1 {would win a pawn for White after} ( {White definitely does not need the draw after} 10.Bxe5 Qg3+ 11.Ke2 Qg4+ 12.Ke1 Qg3+ ) 10...Ng3 11.fxe5 ( {Or} 11.Bxe5 ) ) 8.d4 {Fixing the e5- and c5-squares.} 8...Nbd7 {But Shirov certainly won't give those outposts without a fight.} 9.Nc3 a6 10.Nce2 {White increases the control over the central squares and gets ready to bother the enemy f5-pawn.} ( {The other way to play is} 10.Qd2 e5 11.dxe5 Nxe5 12.O-O-O O-O-O {with a calmer, approximately equal game.} ) 10...g6 ( {After} 10...e5 11.dxe5 Nxe5 12.Ng3 ( {Or somewhat more accurate} 12.h5 {intending Ne2-g3, we have a strange form of a King's Indian Attack on the opposite flank!} ) ) ( {Shirov had another good choice} 10...c5 $5 11.dxc5 ( {Or} 11.Qd2 e6 ) 11...Qxc5 {which should be about equal as well.} ) 11.Nd3 Bh6 {As aggressive as possible!} ( {Here} 11...c5 {is a tad better for White in the endgame after} 12.dxc5 Nxc5 13.Nxc5 Qxc5 14.Qd4 Qxd4 15.Bxd4 ) ( {However, more solid seems} 11...Bg7 12.Qd2 c5 13.dxc5 Nxc5 14.Nxc5 ( {Or} 14.Ne5 Nh5 ( {But Black should not get too fancy} 14...Nfe4 {As his opponent might get fancier with} 15.Nc4 $1 dxc4 16.Qxd6 Nxd6 17.Bxg7 {with an edge for White.} ) 15.Nxf7 Kxf7 {and looks fine for Black.} ) 14...Qxc5 {with a good position for Black.} ) 12.Qd2 c5 13.dxc5 Nxc5 14.Ne5 ( {Shirov apparently did not fear} 14.Nxc5 Qxc5 15.Bxf6 exf6 ) 14...Ncd7 15.Nxf7 $1 {Zherebukh needs to unbalance, and a bishop pair could be a great asset for the future. Plus, the black king is getting exposed...} ( {... to a similar position from the previous note that leads} 15.Nxd7 Qxd7 16.Bxf6 exf6 {In both cases the doubled black pawns are compensated by the weakness on e3.} ) 15...Kxf7 16.O-O-O e5 {This obvious move is not the most accurate, though.} ( {The preliminary} 16...Qc5 $1 {would have been better, when} 17.Nf4 {does not yield White much due to} ( 17.Bd4 Qc6 ) 17...e5 18.Nxd5 Nb6 19.Qc3 Qxc3 20.Nxc3 Bxe3+ {is equal.} ) 17.Kb1 Qc5 18.f4 {Very risky play, but that is the only way to get to the enemy king.} 18...Rhe8 ( {Here Shirov had the nice idea of sacrificing a couple of pawns, purely positionally:} 18...Ne4 $5 19.Qxd5+ Qxd5 20.Rxd5 Ndf6 21.Rxe5 Rac8 {when the awkward-looking white pieces would promise Black compensation. Still, when leading in the match, this approach does not make too much sense.} ) 19.h5 $1 {Very nice, the light squares are vulnerable.} 19...Bg7 ( {Shirov is correctly avoiding the line} 19...Nxh5 20.Rxh5 gxh5 21.Ng3 {where White's attack is irresistible.} ) 20.Nc3 {A pity!} ( {The brick-walling attack} 20.g4 $3 Nxg4 {and then one more blow} 21.e4 $3 {would have pushed Black to the edge of defeat:} 21...Nf2 ( {Or} 21...fxe4 22.hxg6+ hxg6 23.Bh3 ) 22.hxg6+ hxg6 23.exf5 Nxh1 24.fxg6+ {and in all cases the computer promises White a huge attack for the sacrificed material.} ) 20...exf4 21.hxg6+ hxg6 22.exf4 Rad8 {Now Shirov has stabilized, but it ain't over yet.} 23.g4 $1 {It is not late for this chance.} ( {For the obvious capture leads White nowhere:} 23.Nxd5 Nb6 24.c4 Nbxd5 25.cxd5 b5 ) 23...Nxg4 {This is not bad.} ( {But maybe it would have been easier to defend without queens in the line} 23...fxg4 24.f5 gxf5 25.Qg5 Qe3 26.Qxf5 Qf3 27.Bd3 Qxf5 28.Bxf5 Nc5 {White has enough for the pawn, but does he have enough to win?} ) 24.b4 $1 {The exclamation is for bravery. Zherebukh needs to win, remember? And he is desperately trying to remove the queen from the d5-pawn.} ( {This time the capture is more interesting:} 24.Nxd5 {but leads only to equality in this fascinating line:} 24...Bxb2 25.Kxb2 Ndf6 26.Bc4 Nxd5 27.Qxd5+ $1 Rxd5 28.Rxd5 Qe7 $1 29.Rh7+ Kf8 30.Rxe7 Rxe7 ) 24...Qc6 ( {As} 24...Qxb4 25.Qxd5+ Kf8 26.Bc4 {leads to mate.} ) 25.b5 {Consistent!} ( {Black is fine after} 25.Nxd5 Bxb2 26.Kxb2 Ndf6 27.Bg2 Qc4 ) 25...Qe6 {And Shirov cracks under the pressure.} ( {White would have been also quite happy to see} 25...axb5 26.Bxb5 Bxc3 27.Bxc6 Bxd2 28.Bxd5+ Ke7 29.Ba3+ {when Black would hardly survive the endgame.} ) ( {However, had the black queen stayed away from the enemy knight with} 25...Qc5 $1 {Shirov would have likely avoided the tiebreak, e.g.} 26.Na4 ( {Or, as in the game:} 26.Nxd5 Bxb2 27.Kxb2 Ndf6 {and Black is on top.} ) 26...Qd6 ) 26.Nxd5 Bxb2 27.Nc7 $1 {This nasty in-between blow was probably missed by Black!} 27...Qe3 {This loses quickly.} ( {Still, despite the frustration of the blunder, Shirov might have had the chance to survive, if he had chosen instead} 27...Ndf6 $1 28.Nxe6 Rxd2 29.Ng5+ Kg7 30.Rxd2 Bc3 31.Re2 Ne3 32.Rh3 Bd4 {Who knows, the blockade seems strong.} ) 28.Bc4+ Kg7 ( {Or the same old mate on the light squares as before:} 28...Kf8 29.Qd5 $1 ) 29.Nxe8+ Qxe8 30.Kxb2 {Zherebukh has won material and kept his attacking formation intact. He quickly forces the win:} 30...Ne3 31.Qd4+ Ne5 32.Qxd8 ( {But not} 32.Qxe5+ Qxe5+ 33.fxe5 Nxd1+ ) 32...Nxd1+ 33.Rxd1 Nxc4+ 34.Kc3 Qxd8 ( {Alas, Black cannot exploit the vulnerable position of the opponent's king:} 34...Qe4 35.Rd7+ Kh6 36.Qh4# ) ( 34...Qe3+ 35.Kxc4 ) 35.Rxd8 axb5 36.Rd7+ 1-0